| 000 | 01426 a2200277 4500 | ||
|---|---|---|---|
| 005 | 20110810152847.0 | ||
| 010 | _aENG-89657 B-423841-842 | ||
| 020 |
_a0415456807 _c650.00 |
||
| 035 | _aEN-73190 | ||
| 035 | _aB-423841-842 | ||
| 037 | _bDBAD / PUB | ||
| 037 | _bAllied Publishers | ||
| 082 | 1 | 4 | _a338.470040954 |
| 245 | 1 |
_aIn an outpost of the global economy: _bwork and workers in India's information technology industry/ _cedited by Carol Upadhya and A.R. Vasavi |
|
| 260 |
_aNew Delhi _bRoutledge _c2008 |
||
| 270 |
_a912, Tolstoy House, 15-17 Tolstoy Marg _bNew Delhi _e110 001 |
||
| 300 |
_a283p. _c22 cm ( Hb.) |
||
| 500 | _aIncludes index. | ||
| 700 |
_aUpadhya, Carol _932338 |
||
| 700 |
_aVasavi, A.R. _932339 |
||
| 942 |
_adpl _cEN _2ddc _h338.470040954 _m INA |
||
| 999 |
_c11108 _d11108 |
||